000 01231ngm a22003250a 4500
001 PT27128
003 AR-LpoUNG
005 20210202000408.0
007 vd cvaizq
008 191001s1999||||ag |||||||||||||||||spa d
037 _c$7,8
040 _aAR-LpoUNG
_bspa
_cAR-LpoUNG
_eaacr
041 _aspa
044 _aag
082 0 _a306.73 265alm
100 1 _aBarone, Daniel
_edir.
245 1 0 _aAlma mía
260 _aSan Luis :
_bAVH,
_c1999.
300 _aDVD (106 min.) : son., col.
505 0 _aTítulos en castellano, subtítulos en iinglés y portugués. Fecha de estreno 13 de mayo de 1999
520 _aLa vida de Alma (Araceli González) y Leo (Pablo Echarri) no parecían destinadas a cruzarse. Ella, una repostera de la Boca, con su familia y su novio Mario desde la adolescencia. El, un arquitecto con fecha de casamiento segura con Valeria. Una noche el destino los juntó y este inesperado encuentro no pasará desapercibido. Tanto Alma como Leo no podrán ser indiferentes a lo que sucede entre ellos.
650 4 _aARGENTINA
650 4 _aRELACIONES PERSONALES
651 4 _aArgentina
653 _aCINE ARGENTINO
653 _aDVD
653 _aVIDEOS
905 _a27128
942 _cDVD
999 _c54780
_d54780